[Event "County match"]
[Site "?"]
[Date "2022.02.05"]
[Round "?"]
[White "Stebbings, A."]
[Black "Mogilarov, D."]
[Result "1-0"]
[WhiteElo "2246"]
[BlackElo "2167"]
[PlyCount "63"]
[EventDate "2022.??.??"]

1. d4 Nf6 2. c4 g6 3. Nc3 d5 4. Nf3 Bg7 5. Qb3 dxc4 6. Qxc4 O-O 7. Bf4 Nc6 8.
Rd1 Bf5 9. d5 Na5 10. Qb4 b6 11. e4 Bg4 12. Be2 c5 13. Qa4 a6 14. h3 Bxf3 15.
Bxf3 b5 16. Qc2 Nd7 17. O-O c4 18. Rfe1 Nb7 19. e5 Nbc5 20. d6 Rc8 21. Bg5 Qb6
22. Nd5 Qa5 23. Nxe7+ Kh8 24. Nxc8 Rxc8 25. Bg4 Re8 26. Bxd7 Nxd7 27. Qe4 h6
28. Qc6 Rxe5 29. Rxe5 Nxe5 30. Qe8+ Kh7 31. Bf4 Nd3 32. d7 1-0

[Event "County match"]
[Site "?"]
[Date "2022.02.26"]
[Round "?"]
[White "Stebbings, A."]
[Black "Price, G."]
[Result "1-0"]
[WhiteElo "2246"]
[BlackElo "2189"]
[PlyCount "37"]
[EventDate "2022.??.??"]

1. d4 Nf6 2. c4 g6 3. Nc3 Bg7 4. e4 d6 5. h3 O-O 6. Be3 c5 7. dxc5 Qa5 8. Bd3
dxc5 9. e5 Nfd7 10. f4 Nc6 11. Nf3 Rd8 12. O-O Nb6 13. Qe2 Be6 14. Nd2 Qb4 15.
Nce4 Rxd3 16. Qxd3 Nxc4 17. Bxc5 Nxb2 18. Qb1 Qb5 19. a4 1-0

[Event "County match"]
[Site "?"]
[Date "2022.03.12"]
[Round "?"]
[White "Lukosius, R."]
[Black "Stebbings, A."]
[Result "0-1"]
[WhiteElo "2081"]
[BlackElo "2262"]
[PlyCount "66"]
[EventDate "2022.??.??"]

1. d4 Nf6 2. c4 e6 3. Nf3 b6 4. a3 Ba6 5. Qc2 Bb7 6. Nc3 c5 7. e4 cxd4 8. Nxd4
Nc6 9. Nf3 Bc5 10. Bd3 Ng4 11. O-O Qb8 12. Ne2 O-O 13. h3 Nge5 14. Nxe5 Nxe5
15. b4 Be7 16. Bb2 Rc8 17. Qb3 Qd6 18. Rfd1 Nxd3 19. Rxd3 Qc7 20. Rg3 f6 21.
Qf3 Rf8 22. Qg4 Rf7 23. Rc1 a5 24. c5 axb4 25. axb4 bxc5 26. bxc5 Ra4 27. Nd4
Qe5 28. c6 dxc6 29. Rb3 Bd6 30. f4 Qxe4 31. Nxe6 h5 32. Qxh5 Qxe6 33. Rf3 Rxf4
0-1

[Event "County match"]
[Site "?"]
[Date "2022.06.11"]
[Round "?"]
[White "Mooney, D."]
[Black "Stebbings, A."]
[Result "1/2-1/2"]
[WhiteElo "2232"]
[BlackElo "2267"]
[PlyCount "50"]
[EventDate "2022.??.??"]

1. e4 c5 2. Nf3 e6 3. c3 Nf6 4. e5 Nd5 5. Bc4 d6 6. d4 cxd4 7. cxd4 Be7 8. O-O
O-O 9. Qe2 b6 10. Bxd5 exd5 11. Nc3 Ba6 12. Nb5 Qd7 13. a4 Nc6 14. Bf4 dxe5 15.
dxe5 Rac8 16. Rfd1 Rfd8 17. Bg3 h6 18. h3 Qf5 19. Qd2 Bb4 20. Qf4 Qxf4 21. Bxf4
Rd7 22. Nd6 Rcd8 23. Nb5 Bc5 24. Nbd4 Nxd4 25. Nxd4 Rc8 1/2-1/2

[Event "World Senior Team ch."]
[Site "Acqui Terme, Italy"]
[Date "2022.06.20"]
[Round "1"]
[White "Stebbings, A."]
[Black "Bowmer, K."]
[Result "0-1"]
[WhiteElo "2297"]
[BlackElo "2061"]
[PlyCount "76"]
[EventDate "2022.06.20"]

1. d4 Nf6 2. c4 g6 3. Nc3 d5 4. Nf3 Bg7 5. Qb3 dxc4 6. Qxc4 O-O 7. Bf4 Na6 8.
e4 c5 9. dxc5 Qa5 10. e5 Be6 11. exf6 Bxc4 12. fxg7 Kxg7 13. Bxc4 Qb4 14. Bxa6
bxa6 15. Be3 Qxb2 16. O-O f6 17. Rfc1 Qb7 18. Rab1 Qc8 19. Rd1 Kf7 20. h3 Rb8
21. Rxb8 Qxb8 22. Rb1 Qc8 23. Nd2 Rd8 24. Rc1 Qe6 25. a4 g5 26. Nf3 Qc8 27. Nd4
e5 28. Nde2 Kg6 29. Ne4 f5 30. Nd6 Qe6 31. f3 h5 32. Bf2 Qa2 33. Ng3 Qd2 34.
Rc4 Rb8 35. Nge4 Rb1+ 36. Kh2 fxe4 37. Nxe4 Qd1 38. h4 Qh1+ 0-1

[Event "World Senior Team ch."]
[Site "Acqui Terme, Italy"]
[Date "2022.06.22"]
[Round "3"]
[White "Stebbings, A."]
[Black "Salov, S."]
[Result "1/2-1/2"]
[WhiteElo "2297"]
[BlackElo "2169"]
[PlyCount "39"]
[EventDate "2022.06.20"]

1. d4 Nf6 2. c4 d6 3. Nc3 e5 4. Nf3 Nbd7 5. e4 g6 6. Be2 Bg7 7. O-O O-O 8. Be3
Qe7 9. Qc2 c6 10. d5 c5 11. Ne1 Ne8 12. g4 Ndf6 13. f3 h5 14. h3 Nh7 15. Bd3
Bf6 16. Ng2 Bg5 17. Bf2 hxg4 18. fxg4 Ng7 19. Bg3 Bh6 20. Kh2 1/2-1/2

[Event "World Senior Team ch."]
[Site "Acqui Terme, Italy"]
[Date "2022.06.26"]
[Round "6"]
[White "Gal, M."]
[Black "Stebbings, A."]
[Result "1/2-1/2"]
[WhiteElo "2110"]
[BlackElo "2297"]
[PlyCount "36"]
[EventDate "2022.06.20"]

1. d4 Nf6 2. c4 e6 3. g3 Bb4+ 4. Nd2 c5 5. a3 Bxd2+ 6. Qxd2 cxd4 7. Nf3 b6 8.
Bg2 Bb7 9. O-O Bxf3 10. exf3 Nc6 11. f4 Rc8 12. b4 O-O 13. Bb2 d6 14. Bxd4 Nxd4
15. Qxd4 Qc7 16. Rfd1 Rfd8 17. Rac1 a5 18. Qe3 axb4 1/2-1/2

[Event "World Senior Team ch."]
[Site "Acqui Terme, Italy"]
[Date "2022.06.29"]
[Round "9"]
[White "Stebbings, A."]
[Black "Bykhovsky, A."]
[Result "1/2-1/2"]
[WhiteElo "2297"]
[BlackElo "2384"]
[PlyCount "58"]
[EventDate "2022.06.20"]

1. d4 d5 2. c4 c6 3. Nc3 Nf6 4. e3 e6 5. Nf3 Nbd7 6. Qc2 Bd6 7. Bd3 O-O 8. O-O
dxc4 9. Bxc4 b5 10. Bd3 Bb7 11. e4 e5 12. h3 exd4 13. Nxd4 Nc5 14. Rd1 Nxd3 15.
Rxd3 Qc7 16. Bg5 Be5 17. Nf3 b4 18. Bxf6 gxf6 19. Nxe5 Qxe5 20. Ne2 c5 21. f3
Rad8 22. Rad1 Rxd3 23. Rxd3 f5 24. exf5 Ba6 25. Rd2 Re8 26. Nc1 Qe1+ 27. Kh2
Qe5+ 28. Kg1 Qe1+ 29. Kh2 Qe5+ 1/2-1/2

[Event "Tournament: European Senior ch."]
[Site "Lublin, Poland"]
[Date "2022.07.05"]
[Round "1"]
[White "Stebbings, A."]
[Black "Rak, T."]
[Result "0-1"]
[WhiteElo "2283"]
[BlackElo "1887"]
[PlyCount "78"]
[EventDate "2022.07.05"]

1. d4 Nf6 2. c4 e6 3. Nc3 Bb4 4. e3 c5 5. Nge2 d6 6. a3 Ba5 7. g3 Bd7 8. Bg2
Bc6 9. d5 exd5 10. cxd5 Bd7 11. O-O O-O 12. e4 Na6 13. a4 Nb4 14. Bf4 Qb8 15.
h3 Rc8 16. Qd2 a6 17. Ra3 Be8 18. g4 Nd7 19. Ng3 g6 20. h4 Bd8 21. g5 Be7 22.
h5 Ne5 23. Qe2 Bd7 24. Be3 Re8 25. f3 Qd8 26. f4 Bg4 27. Qf2 Nc4 28. Rb3 Nd3
29. Qc2 Nxe3 30. Qxd3 Nxf1 31. Qxf1 gxh5 32. Rxb7 Rb8 33. Qxa6 h4 34. Nf5 Bxf5
35. exf5 Rxb7 36. Qxb7 Bxg5 37. fxg5 Qxg5 38. Kf1 Qf4+ 39. Kg1 Re1+ 0-1

[Event "Tournament: European Senior ch."]
[Site "Lublin, Poland"]
[Date "2022.07.06"]
[Round "2"]
[White "Chubar, V."]
[Black "Stebbings, A."]
[Result "0-1"]
[WhiteElo "1809"]
[BlackElo "2283"]
[PlyCount "52"]
[EventDate "2022.07.05"]

1. d4 Nf6 2. Nf3 e6 3. Bg5 h6 4. Bh4 d6 5. Nbd2 g5 6. Bg3 Nh5 7. e3 Nd7 8. Bd3
Bg7 9. O-O O-O 10. Ne1 Nxg3 11. fxg3 Qe7 12. g4 c5 13. c3 b6 14. Qf3 d5 15. e4
cxd4 16. exd5 Ne5 17. Qe4 Nxd3 18. Nxd3 dxc3 19. bxc3 Bb7 20. c4 Bxa1 21. Rxa1
Qf6 22. Rf1 exd5 23. cxd5 Qd6 24. Rf5 Rad8 25. Qd4 Bxd5 26. Rf6 Be6 0-1

[Event "Kent league"]
[Site "?"]
[Date "2022.10.26"]
[Round "?"]
[White "Orlovska, M."]
[Black "Stebbings, A."]
[Result "1/2-1/2"]
[WhiteElo "2139"]
[BlackElo "2266"]
[PlyCount "68"]
[EventDate "2022.10.26"]

1. d4 Nf6 2. Nc3 d5 3. Bf4 Bf5 4. Qd2 e6 5. f3 Be7 6. h4 h6 7. O-O-O a6 8. g4
Bg6 9. e3 c5 10. dxc5 Bxc5 11. Bd3 Bxd3 12. Qxd3 Nc6 13. e4 d4 14. Nce2 Nd7 15.
Kb1 Qe7 16. Nc1 O-O-O 17. Nb3 Nde5 18. Qe2 Bb6 19. Nh3 f6 20. Nf2 Qb4 21. Nd3
Qb5 22. Rhe1 Nc4 23. e5 g5 24. Bg3 Ne3 25. exf6 Rhf8 26. Rc1 Rxf6 27. c3 dxc3
28. Rxc3 Nd5 29. Rc2 Bc7 30. Bxc7 Nxc7 31. hxg5 hxg5 32. Ndc5 Qxe2 33. Rcxe2
Rxf3 34. Nxe6 Nxe6 1/2-1/2

[Event "County match"]
[Site "?"]
[Date "2022.10.29"]
[Round "?"]
[White "Hodgson, JH."]
[Black "Stebbings, A."]
[Result "1/2-1/2"]
[WhiteElo "2152"]
[BlackElo "2266"]
[PlyCount "41"]
[EventDate "2022.10.29"]

1. e4 c5 2. Nf3 e6 3. d4 cxd4 4. Nxd4 Nc6 5. Nc3 Qc7 6. Be2 Nf6 7. Be3 Be7 8.
O-O O-O 9. f4 d6 10. Kh1 a6 11. a4 Nxd4 12. Qxd4 e5 13. Qd3 exf4 14. Bxf4 Be6
15. Qg3 Rfd8 16. Rfd1 Rac8 17. a5 Qc5 18. Be3 Qe5 19. Bf4 Qc5 20. Be3 Qe5 21.
Bf4 1/2-1/2

[Event "Kent league"]
[Site "?"]
[Date "2022.11.11"]
[Round "?"]
[White "Lindner, D."]
[Black "Stebbings, A."]
[Result "1/2-1/2"]
[WhiteElo "2169"]
[BlackElo "2259"]
[PlyCount "62"]
[EventDate "2022.11.11"]

1. c4 c5 2. Nf3 Nf6 3. g3 d5 4. cxd5 Nxd5 5. Bg2 Nc6 6. Nc3 Nc7 7. O-O e5 8. a3
f6 9. d3 Be7 10. Be3 O-O 11. Nd2 Bd7 12. f4 exf4 13. Bxf4 Be6 14. Rc1 Nd5 15.
Nxd5 Bxd5 16. Bxd5+ Qxd5 17. Qb3 Qxb3 18. Nxb3 b6 19. g4 Rad8 20. Bg3 Bd6 21.
Kg2 Rfe8 22. Rc2 Bxg3 23. Kxg3 Rd7 24. Rf4 Re5 25. h3 h5 26. Kf2 hxg4 27. hxg4
Kf7 28. Nd2 Nd4 29. Nf3 Red5 30. Nxd4 Rxd4 31. Rc4 Rxf4+ 1/2-1/2

[Event "County match"]
[Site "?"]
[Date "2022.11.19"]
[Round "?"]
[White "Stebbings, A."]
[Black "Gallana, M."]
[Result "0-1"]
[WhiteElo "2259"]
[BlackElo "2332"]
[PlyCount "74"]
[EventDate "2022.11.19"]

1. d4 Nf6 2. c4 d6 3. Nc3 e5 4. Nf3 Nbd7 5. e4 g6 6. Be2 Bg7 7. O-O O-O 8. Be3
Qe7 9. Qc2 c6 10. d5 c5 11. Ne1 Kh8 12. Nd3 Ng8 13. Qd2 f5 14. exf5 gxf5 15. f4
e4 16. Nf2 Ndf6 17. h3 h5 18. Kh1 Bd7 19. Rg1 Ng4 20. hxg4 Qh4+ 21. Nh3 hxg4
22. Kh2 Rf6 23. Rh1 gxh3 24. Kg1 Rg6 25. Bf1 Nf6 26. Nd1 Ng4 27. Rxh3 Qxh3 28.
gxh3 Nxe3+ 29. Kf2 Nxf1 30. Kxf1 Bd4 31. Ne3 Rag8 32. Re1 Rg1+ 33. Ke2 R8g2+
34. Nxg2 Rxg2+ 35. Kd1 Rxd2+ 36. Kxd2 Be8 37. b3 Bh5 0-1

[Event "Kent league"]
[Site "?"]
[Date "2022.11.23"]
[Round "?"]
[White "Smith, MP."]
[Black "Stebbings, A."]
[Result "1/2-1/2"]
[WhiteElo "2065"]
[BlackElo "2259"]
[PlyCount "63"]
[EventDate "2022.11.23"]

1. d4 Nf6 2. Bg5 c5 3. d5 Ne4 4. Bf4 Qb6 5. Nc3 Qxb2 6. Nxe4 Qb4+ 7. Qd2 Qxe4
8. f3 Qb4 9. c3 Qa5 10. e4 d6 11. Bd3 e5 12. Be3 Be7 13. Ne2 Nd7 14. g4 c4 15.
Bxc4 Nc5 16. Ng3 g6 17. h4 Bd7 18. Rb1 O-O-O 19. Qb2 b6 20. Qb4 Qa4 21. Bxc5
dxc5 22. Qxa4 Bxa4 23. Bb5 Bxb5 24. Rxb5 Kc7 25. c4 Rb8 26. a4 Rhf8 27. Rb3 Rh8
28. Kf2 Rhf8 29. Kg2 Rh8 30. Kh3 Rhf8 31. Rf1 Bd6 32. Kg2 1/2-1/2

[Event "County match"]
[Site "?"]
[Date "2022.12.03"]
[Round "?"]
[White "Farr, P."]
[Black "Stebbings, A."]
[Result "1/2-1/2"]
[WhiteElo "2139"]
[BlackElo "2244"]
[PlyCount "58"]
[EventDate "2022.12.03"]

1. c4 c5 2. Nc3 Nc6 3. g3 g6 4. Bg2 Bg7 5. a3 b6 6. b4 Bb7 7. Rb1 cxb4 8. axb4
Qc8 9. e4 Ne5 10. d3 Nxc4 11. Nge2 Ne3 12. Bxe3 Bxc3+ 13. Nxc3 Qxc3+ 14. Qd2
Qxd2+ 15. Kxd2 Nf6 16. f3 O-O 17. Bh3 d6 18. Rhc1 Bc8 19. Bg2 Bd7 20. Rc7 Rfc8
21. Rbc1 a5 22. Rxc8+ Bxc8 23. bxa5 bxa5 24. Rc7 Kf8 25. f4 Ne8 26. Rc2 Bd7 27.
e5 Rb8 28. Bd5 a4 29. Bd4 h5 1/2-1/2

[Event "Kent league"]
[Site "?"]
[Date "2023.02.06"]
[Round "?"]
[White "Stebbings, A."]
[Black "Jugand, JB."]
[Result "1-0"]
[WhiteElo "2241"]
[BlackElo "2113"]
[PlyCount "55"]
[EventDate "2023.02.06"]

1. d4 Nf6 2. Nf3 e6 3. g3 h5 4. Bg2 d5 5. O-O Ne4 6. Nbd2 Nd6 7. c4 Nc6 8. b3
g5 9. Bb2 g4 10. Ne5 Ne7 11. e4 c6 12. Re1 dxe4 13. Nxe4 Bg7 14. Qe2 f6 15. Nd3
Ndf5 16. Rad1 Qc7 17. Nec5 h4 18. Nxe6 Bxe6 19. Qxe6 Qd7 20. Nc5 Qxe6 21. Nxe6
Kf7 22. d5 cxd5 23. cxd5 h3 24. Bh1 Rae8 25. d6 Nc6 26. Bxc6 bxc6 27. d7 Rxe6
28. Rxe6 1-0

[Event "Kent league"]
[Site "?"]
[Date "2023.02.13"]
[Round "?"]
[White "Stebbings, A."]
[Black "Lucchi, L."]
[Result "0-1"]
[WhiteElo "2241"]
[BlackElo "2175"]
[PlyCount "48"]
[EventDate "2023.02.13"]

1. d4 d5 2. Nf3 Nf6 3. g3 c5 4. Bg2 Nc6 5. O-O e6 6. c4 Be7 7. cxd5 Nxd5 8.
dxc5 O-O 9. a3 Bxc5 10. Qc2 Be7 11. Rd1 Bd7 12. e4 Nf6 13. Nc3 Rc8 14. Bf4 Nh5
15. Bd6 Bxd6 16. Rxd6 Qe7 17. Rad1 Nf6 18. Qd3 Be8 19. e5 Ng4 20. Qe4 Nh6 21.
Nd2 f5 22. Qc4 Bd7 23. Qd3 Nxe5 24. Qd4 Nhf7 0-1

[Event "Kent league"]
[Site "?"]
[Date "2023.06.03"]
[Round "?"]
[White "Fang, F."]
[Black "Stebbings, A."]
[Result "0-1"]
[WhiteElo "1946"]
[BlackElo "2236"]
[PlyCount "68"]
[EventDate "2023.06.03"]

1. d4 Nf6 2. c4 e6 3. Nc3 Bb4 4. Qc2 O-O 5. Bg5 c5 6. Nf3 b6 7. e3 Bb7 8. Bd3
h6 9. Bh4 Bxf3 10. gxf3 cxd4 11. exd4 Nc6 12. Bh7+ Kh8 13. O-O-O g5 14. Bg3
Nxh7 15. h4 Qf6 16. Ne4 Qg6 17. hxg5 Nxg5 18. Rdg1 f6 19. Bf4 Be7 20. Qd2 Kg7
21. d5 Ne5 22. Qc3 Nexf3 23. Qxf3 Nxf3 24. Bxh6+ Kf7 25. Rxg6 Kxg6 26. Bxf8
Rxf8 27. Rh3 Ng5 28. Rg3 Kf5 29. d6 Nxe4 30. dxe7 Re8 31. Ra3 Rxe7 32. f3 Nd6
33. Rxa7 Kf4 34. Rb7 Nxb7 0-1

[Event "European Senior Team ch."]
[Site "Swidnica, Poland"]
[Date "2023.07.12"]
[Round "1"]
[White "Krupa, K."]
[Black "Stebbings, A."]
[Result "1/2-1/2"]
[WhiteElo "1893"]
[BlackElo "2276"]
[PlyCount "75"]
[EventDate "2023.07.12"]

1. e4 c5 2. d4 cxd4 3. c3
dxc3 4. Nxc3 e6 5. Nf3 a6 6. Bc4 Ne7 7. O-O Ng6 8. Qe2 Nc6 9. Rd1 Be7 10. Bb3
O-O 11. g3 b5 12. h4 Qc7 13. h5 Nge5 14. Bf4 d6 15. Rac1 Qb6 16. Be3 Qb8 17.
Nd4 Na5 18. f4 Nec4 19. Bf2 Bd7 20. f5 Nxb3 21. axb3 Ne5 22. Nf3 Qb7 23. Bd4 f6
24. Nh4 Bd8 25. Bxe5 dxe5 26. fxe6 Bb6+ 27. Kh2 Bxe6 28. Nd5 Rfd8 29. Qf3 Rac8
30. Nf5 Rxc1 31. Rxc1 h6 32. Rc6 Bxd5 33. exd5 Kh7 34. Qg4 Rxd5 35. Qg6+ Kh8
36. Rc8+ Bd8 37. Qe8+ Kh7 38. Qg6+ 1/2-1/2

[Event "European Senior Team ch."]
[Site "Swidnica, Poland"]
[Date "2023.07.13"]
[Round "2"]
[White "Stebbings, A."]
[Black "Gal, M."]
[Result "1/2-1/2"]
[WhiteElo "2276"]
[BlackElo "2106"]
[PlyCount "53"]
[EventDate "2023.07.12"]

1. d4 Nf6 2. Nf3 c5 3. d5 b5 4. c3 g6 5. e4 Nxe4 6. Bxb5 Bg7 7. O-O O-O 8. Re1
Nf6 9. c4 e6 10. Nc3 Bb7 11. Bf4 exd5 12. cxd5 d6 13. h3 Qb6 14. a4 a6 15. a5
Qc7 16. Bc4 Nbd7 17. Qd3 Rfe8 18. Rxe8+ Nxe8 19. Qe3 Ndf6 20. Bh6 Qd8 21. Bxg7
Kxg7 22. Nd2 Nc7 23. Qd3 Qe7 24. Nf3 Re8 25. Re1 Qd8 26. Rxe8 Qxe8 27. Kf1
1/2-1/2

[Event "European Senior Team ch."]
[Site "Swidnica, Poland"]
[Date "2023.07.15"]
[Round "4"]
[White "Stebbings, A."]
[Black "Malmdin, N."]
[Result "1-0"]
[WhiteElo "2276"]
[BlackElo "2091"]
[PlyCount "95"]
[EventDate "2023.07.12"]

1. d4 Nf6 2. Nf3 g6 3. g3 Bg7 4. Bg2 O-O 5. O-O d6 6. b3 c6 7. Bb2 Qa5 8. Nbd2
Qh5 9. e4 Bh3 10. Re1 Bxg2 11. Kxg2 Qa5 12. Qe2 Nbd7 13. e5 dxe5 14. dxe5 Nh5
15. Nc4 Qc7 16. e6 Bxb2 17. Nxb2 Ndf6 18. Ng5 Nd5 19. exf7+ Rxf7 20. Nd3 Rf5
21. Ne6 Qd6 22. c4 Ndf6 23. Rad1 c5 24. g4 Qc6+ 25. Kg1 Nxg4 26. Qxg4 b6 27.
Qe4 Qxe4 28. Rxe4 Nf6 29. Re5 Kf7 30. Rxf5 gxf5 31. Ndf4 Rg8+ 32. Kf1 Ne4 33.
Rd7 a6 34. Rb7 b5 35. cxb5 Nd6 36. Rc7 axb5 37. Nxc5 Ra8 38. a4 bxa4 39. bxa4
Ne4 40. Nxe4 fxe4 41. Rc4 e5 42. Nd5 Rd8 43. Ne3 Rd2 44. Rxe4 Ra2 45. Kg2 Ke6
46. Kg3 h5 47. f4 h4+ 48. Kh3 1-0

[Event "European Senior Team ch."]
[Site "Swidnica, Poland"]
[Date "2023.07.16"]
[Round "5"]
[White "Cordes, S."]
[Black "Stebbings, A."]
[Result "1/2-1/2"]
[WhiteElo "1950"]
[BlackElo "2276"]
[PlyCount "56"]
[EventDate "2023.07.12"]

1. e4 c5 2. Nc3 Nc6 3. Nf3 e6 4. d4 cxd4 5. Nxd4 Qc7 6. Be3 a6 7. Bd3 Nf6 8.
O-O Ne5 9. Nf3 Neg4 10. Qe2 Nxe3 11. Qxe3 d6 12. h3 Be7 13. e5 dxe5 14. Nxe5
O-O 15. Rfe1 b5 16. a3 Bb7 17. Rad1 Rac8 18. Re2 Rfd8 19. Rde1 Bf8 20. Ng4 Be7
21. Ne5 Nd5 22. Qf3 Bf6 23. Nxd5 Rxd5 24. Qg3 Rcd8 25. Re3 Qe7 26. Qg4 Bxe5 27.
Rxe5 Qf6 28. Qe2 Rxe5 1/2-1/2

[Event "European Senior Team ch."]
[Site "Swidnica, Poland"]
[Date "2023.07.18"]
[Round "7"]
[White "Stebbings, A."]
[Black "Glatt, G."]
[Result "1/2-1/2"]
[WhiteElo "2276"]
[BlackElo "2239"]
[PlyCount "34"]
[EventDate "2023.07.12"]

1. d4 d6 2. Nf3 Nf6 3. g3 g6 4. Bg2 Bg7 5. O-O O-O 6. b3 e5 7. dxe5 dxe5 8. Ba3
Qxd1 9. Rxd1 Re8 10. Nc3 e4 11. Ng5 Bf5 12. Nb5 Na6 13. Bb2 h6 14. Nh3 g5 15.
c4 Red8 16. f4 exf3 17. exf3 Ne8 1/2-1/2

[Event "European Senior Team ch."]
[Site "Swidnica, Poland"]
[Date "2023.07.19"]
[Round "8"]
[White "Stebbings, A."]
[Black "Letzelter, J."]
[Result "1-0"]
[WhiteElo "2276"]
[BlackElo "2039"]
[PlyCount "81"]
[EventDate "2023.07.12"]

1. d4 e6 2. Nf3 d5 3. g3 c6 4. Bg2 Nd7 5. O-O Bd6 6. c4 f5 7. Qc2 Qf6 8. b3 Nh6
9. Ba3 Bxa3 10. Nxa3 O-O 11. e3 g5 12. Nb1 f4 13. exf4 gxf4 14. Nbd2 Nf5 15.
Qd3 Qh6 16. Rfe1 Rf6 17. Ne5 Nxe5 18. Rxe5 Bd7 19. Nf3 Raf8 20. g4 Ng7 21. g5
Qg6 22. Qxg6 Rxg6 23. Nh4 Nf5 24. Nxg6 hxg6 25. Rd1 Kg7 26. Bh3 Rh8 27. Bxf5
gxf5 28. cxd5 cxd5 29. Rc1 Kg6 30. Rc7 Bc8 31. Re1 b6 32. Rxa7 Kxg5 33. Ra8 f3
34. Rxe6 Kf4 35. Re1 Rg8+ 36. Kh1 Rg2 37. Rxc8 Rxf2 38. a4 Rd2 39. Rc3 f2 40.
Rf1 Ke4 41. Kg2 1-0

[Event "European Senior Team ch."]
[Site "Swidnica, Poland"]
[Date "2023.07.20"]
[Round "9"]
[White "Steiger, M."]
[Black "Stebbings, A."]
[Result "1/2-1/2"]
[WhiteElo "1934"]
[BlackElo "2276"]
[PlyCount "56"]
[EventDate "2023.07.12"]

1. d4 Nf6 2. Nf3 e6 3. g3 c5 4. Bg2 cxd4 5. O-O d5 6.
Nxd4 e5 7. Nb3 Be6 8. Nc3 Be7 9. Bg5 Nbd7 10. e4 d4 11. Nd5 h6 12. Bc1 Nc5 13.
Nxf6+ gxf6 14. Nxc5 Bxc5 15. Qd3 Qb6 16. c4 dxc3 17. Qxc3 Bd4 18. Qf3 Bc4 19.
Re1 O-O-O 20. Bxh6 Rxh6 21. Rac1 Qxb2 22. Rxc4+ Kb8 23. Rec1 Qxa2 24. Qf5 a6
25. h4 Bb6 26. R1c2 Qa3 27. Kh2 Qd6 28. Bf1 Ka7 1/2-1/2

[Event "World Senior Team ch."]
[Site "Struga, Macedonia"]
[Date "2023.09.19"]
[Round "1"]
[White "Heatlie, D."]
[Black "Stebbings, A."]
[Result "0-1"]
[WhiteElo "1763"]
[BlackElo "2257"]
[PlyCount "44"]
[EventDate "2023.09.19"]

1. d4 Nf6 2. Nf3 e6 3. Bf4 c5 4. e3 b6 5. h3 Be7 6. Bd3 Bb7 7. Nbd2 cxd4 8.
exd4 O-O 9. c3 d6 10. Qc2 Nbd7 11. Rg1 Re8 12. O-O-O Bf8 13. Rde1 g6 14. g4 Rc8
15. Ne4 Qc7 16. Nfg5 a6 17. h4 b5 18. h5 Nd5 19. hxg6 hxg6 20. Bxd6 Bxd6 21.
Nxd6 Qxd6 22. Bxg6 Qf4+ 0-1

[Event "World Senior Team ch."]
[Site "Struga, Macedonia"]
[Date "2023.09.20"]
[Round "2"]
[White "Stebbings, A."]
[Black "Borgo, G."]
[Result "1/2-1/2"]
[WhiteElo "2257"]
[BlackElo "2333"]
[PlyCount "94"]
[EventDate "2023.09.19"]

1. d4 d5 2. c4 e6 3. Nc3 Nf6 4. Bg5 Be7 5. e3 h6 6. Bh4 Nbd7 7. Rc1 O-O 8. Nf3
c5 9. cxd5 Nxd5 10. Bxe7 Nxe7 11. Be2 b6 12. O-O Bb7 13. Qa4 Nf5 14. Rfd1 cxd4
15. exd4 Nf6 16. Ne5 a6 17. Bf3 Bxf3 18. Nxf3 Qd6 19. Ne2 b5 20. Qc2 Ne7 21.
Qc7 Rfd8 22. Ne5 Nfd5 23. Qxd6 Rxd6 24. Rc5 Nb4 25. a3 Nbc6 26. Nf3 Na5 27. a4
Nb3 28. Rc3 bxa4 29. Rc4 Rc8 30. Rxc8+ Nxc8 31. Nc3 Nb6 32. Rd3 Na5 33. Ne4 Rd5
34. Nc3 Rd8 35. Nxa4 Nxa4 36. Ra3 Rc8 37. g3 Rc4 38. b3 Rb4 39. Rxa4 Rxa4 40.
bxa4 Nc4 41. Ne5 Nb2 42. a5 Kf8 43. Nc6 Ke8 44. Kf1 Nc4 45. Ke2 Kd7 46. Nb4
Nxa5 47. Kd3 Kd6 1/2-1/2

[Event "World Senior Team ch."]
[Site "Struga, Macedonia"]
[Date "2023.09.21"]
[Round "3"]
[White "Thomas, G."]
[Black "Stebbings, A."]
[Result "0-1"]
[WhiteElo "1748"]
[BlackElo "2257"]
[PlyCount "36"]
[EventDate "2023.09.19"]

1. d4 Nf6 2. Nc3 d5 3. Bf4 c5 4. e3 cxd4 5. exd4 Bg4 6. f3 Bd7 7. Bd3 Nc6 8.
Nb5 Rc8 9. a4 a6 10. Nc7+ Rxc7 11. Bxc7 Qxc7 12. Ne2 e5 13. c3 Bd6 14. Qc2 O-O
15. O-O-O exd4 16. cxd4 Qa5 17. Nc3 Nb4 18. Qb3 Bf4+ 0-1

[Event "World Senior Team ch."]
[Site "Struga, Macedonia"]
[Date "2023.09.22"]
[Round "4"]
[White "Stebbings, A."]
[Black "Yermolinsky, A."]
[Result "1/2-1/2"]
[WhiteElo "2257"]
[BlackElo "2419"]
[PlyCount "42"]
[EventDate "2023.09.19"]

1. d4 Nf6 2. Nf3 e6 3. g3 b5 4. Bg2 Bb7 5. O-O c5 6. Bg5 Na6 7. c3 Be7 8. a4 b4
9. Qd3 bxc3 10. bxc3 cxd4 11. Bxf6 Bxf6 12. cxd4 Nb4 13. Qd2 a5 14. Na3 O-O 15.
Ne5 Bxg2 16. Kxg2 d6 17. Nec4 d5 18. Ne5 Bxe5 19. dxe5 f6 20. exf6 Qxf6 21.
Rac1 Rac8 1/2-1/2

[Event "World Senior Team ch."]
[Site "Struga, Macedonia"]
[Date "2023.09.23"]
[Round "5"]
[White "Frostick, H."]
[Black "Stebbings, A."]
[Result "0-1"]
[WhiteElo "1712"]
[BlackElo "2257"]
[PlyCount "36"]
[EventDate "2023.09.19"]

1. e4 c5 2. Nf3 Nc6 3. g3 g6 4. Bg2 Bg7 5. O-O e5 6. c4 Nge7 7. Nc3 O-O 8. d3
d6 9. h3 h6 10. Be3 f5 11. Qc1 Kh7 12. Kh2 Be6 13. Nd5 Qd7 14. Nxe7 Qxe7 15.
Rb1 Nb4 16. Ne1 Nxa2 17. Qd2 f4 18. gxf4 exf4 0-1

[Event "World Senior Team ch."]
[Site "Struga, Macedonia"]
[Date "2023.09.24"]
[Round "6"]
[White "Miljanic, B."]
[Black "Stebbings, A."]
[Result "1/2-1/2"]
[WhiteElo "2331"]
[BlackElo "2257"]
[PlyCount "40"]
[EventDate "2023.09.19"]

1. e4 c5 2. Nf3 e6 3. b3 b6 4. c4 Bb7 5. Nc3 Nf6 6. e5 Ne4 7. Nxe4 Bxe4 8. Be2
d6 9. d3 Bb7 10. Bb2 Nc6 11. O-O dxe5 12. Nxe5 Nxe5 13. Bxe5 Bd6 14. Bxd6 Qxd6
15. Bf3 Bxf3 16. Qxf3 O-O 17. Rad1 Rad8 18. Qe4 Rd7 19. Rfe1 Rfd8 20. Re3 Qd4
1/2-1/2

[Event "World Senior Team ch."]
[Site "Struga, Macedonia"]
[Date "2023.09.26"]
[Round "7"]
[White "Stebbings, A."]
[Black "Davies, N."]
[Result "1/2-1/2"]
[WhiteElo "2257"]
[BlackElo "2429"]
[PlyCount "48"]
[EventDate "2023.09.19"]

1. d4 e6 2. Nf3 Nf6 3. g3 d5 4. Bg2 h6 5. O-O Bd6 6. c4 O-O 7. Qc2 b6 8. cxd5
exd5 9. Nc3 Bb7 10. Nb5 Nc6 11. Nxd6 cxd6 12. Bd2 a5 13. Rfc1 b5 14. e3 Qb6 15.
a3 Rfc8 16. Qd1 Ne7 17. Rxc8+ Bxc8 18. Rc1 Bf5 19. Bf1 Ne4 20. Ne1 Kf8 21. f3
Nxd2 22. Qxd2 Rc8 23. Rxc8+ Bxc8 24. Kf2 g6 1/2-1/2